Gadar Party's: (Record no. 160685)

MARC details
000 -LEADER
fixed length control field 00479nam a22001697a 4500
005 - DATE AND TIME OF LATEST TRANSACTION
control field 20190207161812.0
010 ## - LCCN (DPL NO)
LC control number B-230976
020 ## - INTERNATIONAL STANDARD BOOK NUMBER
Terms of availability 400.00
035 ## - SYSTEM CONTROL NUMBER
System control number B-230976
037 ## - SOURCE OF ACQUISITION
Source of stock number/acquisition Archana Publications
082 ## - DEWEY DECIMAL CLASSIFICATION NUMBER
Classification number 954.0841
100 ## - MAIN ENTRY--PERSONAL NAME
Personal name Irvine, A.A.
245 ## - TITLE STATEMENT
Title Gadar Party's:
Remainder of title Lahore Conspiracy Case:1915 judgement /
Statement of responsibility, etc A.A. Irvine
260 ## - PUBLICATION, DISTRIBUTION, ETC. (IMPRINT)
Place of publication, distribution, etc Meerut
Name of publisher, distributor, etc Archana Publications
Date of publication, distribution, etc 2006
300 ## - PHYSICAL DESCRIPTION
Extent 560p.
Dimensions 22cm(hbk)
942 ## - ADDED ENTRY ELEMENTS (KOHA)
Source of classification or shelving scheme Dewey Decimal Classification
Item type English Books
Classification part 954.0841
Call number suffix IRY
Holdings
Withdrawn status Lost status Not for loan Collection code Home library Current library Date acquired Full call number Barcode Koha item type
      Non-fiction Sarojini Nagar Sarojini Nagar 07/02/2019 954.0841 IRY B-230976 English Books

© Delhi Public Library
Hit Counter
free hit counter